000 00534nam a2200205Ia 4500
005 20240823045423.0
008 240823s9999||||xx |||||||||||||| ||und||
020 _a0-7506-5236-5
041 _aENGLISH
082 _A658.84 P2
100 _aGraeme Drummond
245 0 _aStratrgic Marketing Planning and Control
250 _a2nd
260 _c2002
_b"Butterworth Heinenann,Burli"
500 _aYES
650 _aStrategic Marketing Management
_bManagement Studies
700 _a John Ensor
942 _cBK
999 _c214917
_d214917